The Texas State Securities Board and the Texas investor.

Bibliographic Details
Corporate Author: Texas. State Securities Board
Format: Government Document Book
Language:English
Published: Austin, TX : The Board, [1997]
Subjects:

MARC

Tag First Indicator Second Indicator Subfields
LEADER 00000cam a2200000 a 4500
001 in00001403934
005 20151020054244.0
008 971125s1997 txu s000 0 eng d
035 |a (OCoLC)38003888 
035 |9 AHN0906AM 
040 |a IKM  |c IKM  |d TXA  |d UtOrBLW 
049 |a TXAO 
086 |a S600.8 SE26 1997  |2 txdocs 
245 0 4 |a The Texas State Securities Board and the Texas investor. 
264 1 |a Austin, TX :  |b The Board,  |c [1997] 
300 |a 18 pages ;  |c 22 cm. 
336 |a text  |b txt  |2 rdacontent 
337 |a unmediated  |b n  |2 rdamedia 
338 |a volume  |b nc  |2 rdacarrier 
500 |a "September 1997." 
500 |a "Pursuant to the requirements of Section 2.L of the Texas Securities Act"--P. [4] of cover. 
504 |a Includes index. 
500 |a Revised edition of: Texas Securities Act, the Texas State Securities Board, and the Texas investor. 1996. 
650 0 |a Securities  |z Texas. 
650 0 |a Securities fraud  |z Texas. 
650 0 |a Investments  |z Texas. 
710 1 |a Texas.  |b State Securities Board. 
730 0 |a Texas Securities Act, the Texas State Securities Board, and the Texas investor. 
999 |a MARS 
999 f f |s 6143515e-379b-3cc1-b129-ad15f5d0dd6c  |i 9f5b6d0c-d4fb-39c6-9853-8e2d58452e1d  |t 0 
952 f f |p normal  |a Texas A&M University  |b College Station  |c Sterling C. Evans Library  |d Evans: Texas Documents (Annex 5th floor)  |t 0  |e S600.8 SE26 1997  |h Other scheme  |i unmediated -- volume  |m A14821907117 
998 f f |a S600.8 SE26 1997  |t 0  |l Evans: Texas Documents (Annex 5th floor)